| 000 | 00513nam a2200169 a 4500 | ||
|---|---|---|---|
| 001 | 4328 | ||
| 003 | CDMR | ||
| 005 | 20131024173157.0 | ||
| 008 | 130130s1999||||||||||||||||||||||||||||d | ||
| 040 |
_aCDMR _bcat _cCPC GIRONA |
||
| 245 | 0 | _aDocuments on the crimes which are been committed (Srebrenica 1995-1998) | |
| 246 | 1 | _aDokumenti o zločinima koji traju (Srebrenica 1995-1998) - fotografij | |
| 260 |
_c1999 _aTuzla _bOpćina Srebrenica ured u Tuzli |
||
| 300 | _a59 p. | ||
| 490 | 0 | _aBòsnia | |
| 942 |
_cMON _2udc |
||
| 999 |
_c4328 _d4328 |
||